<?xml version="1.0" encoding="UTF-8"?>
<record
    xmlns:xsi="http://www.w3.org/2001/XMLSchema-instance"
    xsi:schemaLocation="http://www.loc.gov/MARC21/slim http://www.loc.gov/standards/marcxml/schema/MARC21slim.xsd"
    xmlns="http://www.loc.gov/MARC21/slim">

  <leader>00883nam0a22002771  4500</leader>
  <controlfield tag="001">RU\NLR\INFOCOMM_190\5000043978</controlfield>
  <controlfield tag="005">20260419043622.0</controlfield>
  <datafield tag="010" ind1=" " ind2=" ">
    <subfield code="9">2000 &#x44D;&#x43A;&#x437;.</subfield>
  </datafield>
  <datafield tag="035" ind1=" " ind2=" ">
    <subfield code="a">(NLR Aleph) 009198690</subfield>
  </datafield>
  <datafield tag="090" ind1=" " ind2=" ">
    <subfield code="a">13658170</subfield>
    <subfield code="c">13658170</subfield>
  </datafield>
  <datafield tag="100" ind1=" " ind2=" ">
    <subfield code="a">20100420d1974    u  y0rusy50      ca</subfield>
  </datafield>
  <datafield tag="101" ind1="0" ind2=" ">
    <subfield code="a">hun</subfield>
  </datafield>
  <datafield tag="102" ind1=" " ind2=" ">
    <subfield code="a">UA</subfield>
  </datafield>
  <datafield tag="105" ind1=" " ind2=" ">
    <subfield code="a">y   ||||000|y</subfield>
  </datafield>
  <datafield tag="200" ind1="1" ind2=" ">
    <subfield code="a">Szabads&#xE1;gunk&#xE9;rt harcoltak</subfield>
    <subfield code="f">Homenko Iv&#xE1;n</subfield>
  </datafield>
  <datafield tag="210" ind1=" " ind2=" ">
    <subfield code="a">Uzshorod</subfield>
    <subfield code="c">"K&#xE1;rp&#xE1;ti"</subfield>
    <subfield code="d">1974</subfield>
  </datafield>
  <datafield tag="215" ind1=" " ind2=" ">
    <subfield code="a">103, [5] &#x441;.</subfield>
    <subfield code="d">20 &#x441;&#x43C;</subfield>
  </datafield>
  <datafield tag="300" ind1=" " ind2=" ">
    <subfield code="a">&#x412; &#x432;&#x44B;&#x43F;. &#x434;&#x430;&#x43D;.: &#x418;&#x432;&#x430;&#x43D; &#x41B;&#x435;&#x43E;&#x43D;&#x442;&#x44C;&#x435;&#x432;&#x438;&#x447; &#x425;&#x43E;&#x43C;&#x435;&#x43D;&#x43A;&#x43E;. &#x413;&#x435;&#x440;&#x43E;&#x438; &#x43A;&#x430;&#x440;&#x43F;&#x430;&#x442;&#x441;&#x43A;&#x438;&#x445; &#x441;&#x440;&#x430;&#x436;&#x435;&#x43D;&#x438;&#x439;. &#x41E;&#x447;&#x435;&#x440;&#x43A;&#x438;</subfield>
  </datafield>
  <datafield tag="700" ind1=" " ind2="1">
    <subfield code="6">z01790</subfield>
    <subfield code="a">Chomenko</subfield>
    <subfield code="b">I. L.</subfield>
    <subfield code="g">Ivan Leont'evi&#x10D;</subfield>
    <subfield code="4">070</subfield>
  </datafield>
  <datafield tag="790" ind1=" " ind2="1">
    <subfield code="6">z01700</subfield>
    <subfield code="a">Homenko</subfield>
    <subfield code="b">I.</subfield>
    <subfield code="g">Iv&#xE1;n</subfield>
    <subfield code="4">070</subfield>
  </datafield>
  <datafield tag="801" ind1=" " ind2="0">
    <subfield code="a">RU</subfield>
    <subfield code="b">NLR</subfield>
    <subfield code="g">PSBO</subfield>
  </datafield>
  <datafield tag="801" ind1=" " ind2="1">
    <subfield code="a">RU</subfield>
    <subfield code="b">NLR</subfield>
    <subfield code="c">20100420</subfield>
  </datafield>
  <datafield tag="852" ind1=" " ind2=" ">
    <subfield code="a">NLR</subfield>
    <subfield code="j">&#x412;11 &#x414;-3/92</subfield>
  </datafield>
  <datafield tag="942" ind1=" " ind2=" ">
    <subfield code="c">BOOK</subfield>
  </datafield>
  <datafield tag="980" ind1=" " ind2=" ">
    <subfield code="a">NB</subfield>
  </datafield>
</record>
